000 00647nam a2200193 a 4500
005 20140412111356.0
008 051104s19uu xx 00 eng d
020 _a0-02-831079-9
050 _aTR(GS 372.4
_bA1 L.1-B.1(RWW) B.M.
100 _aAdams, Marilyn Jager
245 _aReading and writing workbook (orange), L.1-B.1 :
_bBlackline masters /
_cMarilyn Jager Adams, et al.
260 _aColumbus, Ohio :
_bSRA/McGraw-Hill Comp,
_c2000.
300 _a283 p.
440 _aSRA open court reading, Orange
650 _aReading
_xStudy and teaching
650 _aEnglish language
_xStudy and teaching
999 _c105403
_d105403